000 00294nam a22001337a 4500
008 170313b xxu||||| |||| 00| 0 eng d
020 _a9780073369433
041 _aeng
080 _26 ED
_a591
100 _a7
101 _aSHM
245 _aVERTEBRATE ANATOMY
_cKARDONG.K.V
942 _2udc
_cBK
999 _c7688
_d7688